Twelfth night (Record no. 10390)

MARC details
000 -LEADER
fixed length control field 00452cam a2200181ua 4500
001 - CONTROL NUMBER
control field 11583
005 - DATE AND TIME OF LATEST TRANSACTION
control field 20260515114754.0
008 - FIXED-LENGTH DATA ELEMENTS--GENERAL INFORMATION
fixed length control field 191010n ii |||gr||||Z||||||eng
020 ## - INTERNATIONAL STANDARD BOOK NUMBER
International Standard Book Number 9780143426905
040 ## - CATALOGING SOURCE
Transcribing agency MAIN
082 ## - DEWEY DECIMAL CLASSIFICATION NUMBER
Classification number 822
100 ## - MAIN ENTRY--PERSONAL NAME
Personal name William Shakespeare,
Relator term Author.
245 ## - TITLE STATEMENT
Title Twelfth night
Statement of responsibility, etc. By William Shakespeare
260 ## - PUBLICATION, DISTRIBUTION, ETC.
Place of publication, distribution, etc. Haryana:
Name of publisher, distributor, etc. Penguine random house ,
Date of publication, distribution, etc. 2016.
300 ## - PHYSICAL DESCRIPTION
Extent 126p.
653 ## - INDEX TERM--UNCONTROLLED
Uncontrolled term English drama
942 ## - ADDED ENTRY ELEMENTS (KOHA)
Koha item type Books
Holdings
Withdrawn status Lost status Damaged status Not for loan Home library Current library Shelving location Date acquired Total checkouts Full call number Barcode Date last seen Copy number Price effective from Koha item type Date last checked out
        Naharkatiya College Library Naharkatiya College Library General stacks 09/19/2020   822English literature | SHA 27610 09/19/2020 1 09/19/2020 Books  
        Naharkatiya College Library Naharkatiya College Library General stacks 09/19/2020 5 822English literature | SHA 27611 05/06/2023 2 09/19/2020 Books 03/16/2023
        Naharkatiya College Library Naharkatiya College Library General stacks 09/19/2020 1 822English literature | SHA 27612 04/25/2022 3 09/19/2020 Books 04/11/2022